Online
Catalog
Normal view MARC view

Entry Nombre personal

Number of records used in: 69

001 - NÚMERO DE CONTROL

  • campo de control: 1569

003 - IDENTIFICADOR DEL NÚMERO DE CONTROL

  • campo de control: BNPHU

005 - FECHA Y HORA DE LA ÚLTIMA TRANSACCIÓN

  • campo de control: 20240304190423.0

008 - DATOS DE LONGITUD FIJA

  • campo de control de longitud fija: 200615|| aca||aabn | a|a d

010 ## - NÚMERO DE CONTROL DE LA BIBLIOTECA DEL CONGRESO

  • Número de control de LC: n 82066463

040 ## - FUENTE DE LA CATALOGACIÓN

  • Centro catalogador/agencia de origen: DO-SdBNP
  • Lengua de catalogación: spa
  • Centro/agencia transcriptor: BNPHU
  • Normas de descripción: rda

100 1# - ENCABEZAMIENTO-NOMBRE DE PERSONA

  • Nombre de persona: Mejía-Ricart G., Tirso,
  • Fechas asociadas al nombre: 1936-2021
  • Forma completa/desarrollada del nombre: (Mejía-Ricart Guzmán)

370 ## - LUGAR ASOCIADO

  • Lugar de nacimiento: Santo Domingo , República Dominicana

374 ## - OCUPACIÓN

  • Ocupación: Medico
  • Ocupación: Profesor
  • Ocupación: Político

375 ## - GÉNERO/SEXO

  • Género/Sexo: Masculino

377 ## - LENGUA/LENGUAJE ASOCIADO

  • Código del idioma: spa
  • Término de lengua/lenguaje: Español

400 1# - TRAZADO DE VÉASE--NOMBRE DE PERSONA

  • Nombre de persona: Mejía Ricart, Tirso
  • Forma completa/desarrollada del nombre: (Ricart Guzmán),

400 1# - TRAZADO DE VÉASE--NOMBRE DE PERSONA

  • Nombre de persona: Mejía-Ricart Guzmán, Tirso,
  • Fechas asociadas al nombre: 1936-

400 1# - TRAZADO DE VÉASE--NOMBRE DE PERSONA

  • Nombre de persona: Ricart G., Tirso Mejía-
  • Fechas asociadas al nombre: 1936-
  • Forma completa/desarrollada del nombre: (Ricart Guzmán),

400 1# - TRAZADO DE VÉASE--NOMBRE DE PERSONA

  • Nombre de persona: Ricart Guzmán, Tirso Mejía-,
  • Fechas asociadas al nombre: 1936-

670 ## - FUENTE DE DATOS ENCONTRADOS

  • Cita de la fuente: Work cat.: (OSt)473: Mejía Ricart, Tirso, Psicología de la educación, los deportes y la recreación /, 2002.

Powered by Koha